000 00567nam a2200193Ia 4500
003 LDD
008 181029s9999 xx 000 0 und d
020 _a9788175332270
_c795.00
040 _cLDD
100 _aSingh, Nilesh Kumar
245 0 _aReligion, media and public sphere
_cNilesh Kumar Singh
260 _aNew Delhi
_bMD Publications
_c2009
300 _av, 297p.
365 _b795.00
901 _a5442
_b11-12-2009
902 _aSBS/557/D/09
_b30-12-2009
_cF
_dSBS
_eCBCI
903 _aDiscount-15
_bReqst by : Gracious Thomas
942 _2ddc
_cBK
999 _c88529
_d88529